[Event "Saarland-ch B"]
[Site "Eppelborn"]
[Date "2008.03.14"]
[Round "1"]
[White "Himmel, Winfried"]
[Black "Rohr, Christian"]
[Result "1/2-1/2"]
[WhiteElo "1565"]
[BlackElo "1457"]
[PlyCount "52"]
[EventDate "2008.03.14"]
[EventType "swiss"]
[EventRounds "7"]
[EventCountry "GER"]
[SourceTitle "EXT 2010"]
[Source "ChessBase"]
[SourceDate "2010.11.25"]
[SourceVersion "1"]
[SourceVersionDate "2010.11.25"]
[SourceQuality "1"]

1. Nf3 Nc6 2. d4 d5 3. c3 Nf6 4. g3 Bf5 5. Nbd2 e6 6. Bg2 Bd6 7. 0-0 0-0 8. Nh4 Bg6 9. Nxg6 fxg6 10. e4 dxe4 11. Nxe4 Qd7 12. Qb3 Na5 13. Qc2 Nc6 14. Bd2 Ne7 15. Rae1 c6 16. Ng5 Nf5 17. Nxe6 Rfe8 18. Qb3 Kh8 19. Ng5 h6 20. Nf7+ Kh7 21. Nxd6 Qxd6 22. Bf4 Qd7 23. h3 Nh5 24. Be5 Nf6 25. Kh2 b6 26. Qc2 Rad8 1/2-1/2